000 02579nac a22003971u 4500
008 090129t xxu||||| |||| 00| 0 eng d
010 _a 2007007198
020 _a0071287515
020 _a9780071287517
035 _a(OCoLC)ocm86117314
035 _a(OCoLC)86117314
082 0 0 _a658.404
_bGRA
100 _aGray, Clifford F.
_926190
245 1 0 _aProject Management :
_bThe Managerial Process /
_cClifford F. Gray, Erik W. Larson.
250 _a4th ed.
260 _aBoston :
_bMcGraw-Hill/Irwin, 2008
_cc2008.
300 _axvi, 589 p. :
_bill. ;
_c27 cm. +
_e1 CD-ROM (4 3/4 in.).
440 4 _aThe McGraw-Hill/Irwin series operations and decision sciences
_926191
504 _aIncludes bibliographical references and index.
650 0 _aProject management.
_926192
650 0 _aTime management.
_926193
650 0 _aRisk management.
_926194
700 1 _aLarson, Erik W.,
_d1952-
_926195
856 4 1 _3Table of contents only
_uhttp://www.loc.gov/catdir/toc/ecip0713/2007007198.html
856 4 1 _3Contributor biographical information
_uhttp://www.loc.gov/catdir/enhancements/fy0814/2007007198-b.html
856 4 1 _3Publisher description
_uhttp://www.loc.gov/catdir/enhancements/fy0814/2007007198-d.html
942 _cBB
_k658.404GRA
_2ddc
999 _c8783
_d8783